| 000 | 01454nam2a2200289 i 4500 | ||
|---|---|---|---|
| 001 | RU\NLR\BIBL_A\011495156 | ||
| 005 | 20240921180009.0 | ||
| 010 |
_a9785904037772 _9200 |
||
| 021 |
_aRU _b2017-69143 _94904 |
||
| 035 | _a(NLR Aleph) 011495156 | ||
| 090 |
_a11967483 _c11967483 |
||
| 100 | _a20171012d2017 k y0rusy50 ca | ||
| 101 | 0 | _arus | |
| 102 | _aRU | ||
| 105 | _aa|||z|||001yy | ||
| 200 | 1 | _aОпухоли, опухолеподобные образования и пороки развития эпидермиса и придатков кожи | |
| 210 | _d2017 | ||
| 215 |
_a740 с. _cил., цв. ил. |
||
| 320 | _aБиблиогр. в тексте | ||
| 320 | _aПредм. указ.: с. 731-740 | ||
| 461 | 0 |
_1001RU\NLR\BIBL_A\011498961 _12001#$aЧастная дерматоонкология$e[обзор литературы]$fЕлькин В.Д., Митрюковский Л.С., Седова Т.Г.$vЧ. 1 _1700#1$aЕлькин$bВ. Д.$gВладимир Дмитриевич _911986907 _aЕлькин, В. Д. _cПермь _d2017 _fЕлькин В.Д., Митрюковский Л.С., Седова Т.Г. _nПермское книжное изд-во _o[обзор литературы] _p740 с. _tЧастная дерматоонкология _vЧ. 1 |
|
| 606 | 1 |
_aКожа _xАномалии _91333721 _3RU\NLR\AUTH\66555088 |
|
| 686 | 1 | _aР601.25 | |
| 942 | _cBOOK | ||
| 980 | _aNBR | ||